| Поле | Название | Значение |
| |
Тип записи |
a |
| |
Библиографический уровень |
m |
| 001 |
Контрольный номер |
6893f8da96b84f0cb16dcc8d4d4b3ea4 |
| 005 |
Дата корректировки |
20160413161849.2 |
| 010 |
Индекс ISBN |
__ |
| a |
ISBN |
978-5-222-22818-0 |
| d |
Цена |
469,00 |
| d |
Цена |
456 |
| 101 |
Язык документа |
0_ |
| a |
Язык текста |
rus |
| 102 |
Страна публикации |
__ |
| a |
Страна публикации |
RU |
| 200 |
Заглавие и сведения об ответственности |
1_ |
| b |
Общее обозначение материала |
Текст |
| a |
Заглавие |
Психология в схемах и таблицах |
| f |
Первые сведения об ответственности |
А. М. Руденко |
| 210 |
Выходные данные |
1_ |
| a |
Место издания |
Ростов н /Д |
| c |
Издательство |
Феникс |
| d |
Дата издания |
2015 |
| 215 |
Физическое описание |
__ |
| a |
Объем |
379 с. |
| 225 |
Серия |
2_ |
| a |
Серия |
Высшее образование |
| 300 |
Общие примечания |
__ |
| a |
Общие примечания |
Рек. в кач-ве учеб. пособия для бакалавров и студ.вузов |
| 610 |
Ключевые слова |
0_ |
| a |
Ключевые слова |
психология |
| a |
Ключевые слова |
психика человека |
| a |
Ключевые слова |
психические состояния |
| a |
Ключевые слова |
личность |
| a |
Ключевые слова |
расстройства личности |
| a |
Ключевые слова |
психическое здоровье |
| a |
Ключевые слова |
возраст |
| a |
Ключевые слова |
бакалавриат |
| a |
Ключевые слова |
учебное пособие |
| a |
Ключевые слова |
тесты |
| a |
Ключевые слова |
глоссарий |
| 686 |
Индексы других классификаций |
__ |
| a |
Классификационный индекс |
88 |
| 700 |
Автор |
_1 |
| a |
Фамилия |
Руденко |
| b |
Имя |
А. М. |
| 801 |
Источник записи |
_0 |
| a |
Страна |
RU |
| b |
Организация |
РУК |
| g |
Правила каталогизации |
PSBO |
| 801 |
Источник записи |
_1 |
| a |
Страна |
RU |
| b |
Организация |
РУК |
| g |
Правила каталогизации |
PSBO |
| 852 |
Данные о местонахождении |
__ |
| i |
Авторский знак |
Р 83 |
| j |
Шифр хранения |
ББК 88 |
| 901 |
Тип документа |
__ |
| t |
Тип документа |
m |
| 937 |
Технологическая информация |
__ |
| a |
Создатель записи (имя) |
Михно |
| 938 |
Служебная информация |
__ |
| a |
Название организации |
Поволжский филиал |
| 952 |
Тип литературы |
__ |
| c |
Вид литературы |
учебное пособие |